000 02272nam a2200541 i 4500
001 34100
003 KOSZ 005
005 20210624111722.0
008 000330s1998 pl a f |100 0 pol
015 _aUWD 2000/15885
020 _a8390634198
035 _a991013701569705066
035 _a(PL-WaBN)b13688078-48omnis_nlop
035 _ab13688078
035 _a(OCoLC)749216174
035 _a(PL)b0000001368807
035 _a(EXLNZ-48OMNIS_NETWORK)9910161017605606
040 _aWA N
_cWA N
_dWA N
_dKOSZ 005/HR
041 0 _apol
046 _k1998
080 _a528.9
080 _a(06)
245 0 0 _aProblemy kartografii tematycznej :
_bXXV Ogólnopolska Konferencja Kartograficzna, Kazimierz Dolny 8-10 października 1998 r. /
_c[red. tomu Krzysztof Kałamucki, Jerzy Moscibroda!] ; Uniwersytet Marii Curie-Skłodowskiej. Instytut Nauk o Ziemi. Zakład Kartografii, Polskie Towarzystwo Geograficzne. Komisja Kartograficzna.
260 _aLublin :
_b"Kartpol",
_c1998.
300 _a251, [1] s. :
_bil., mapy ;
_c24 cm.
336 _aTekst
_btxt
_2rdacontent
337 _aBez urządzenia pośredniczącego
_bn
_2rdamedia
338 _aWolumin
_bnc
_2rdacarrier
380 _aKsiążki
380 _aPublikacje naukowe
388 _a1901-2000
388 _a1989-2000
490 1 _aMateriały Ogólnopolskich Konferencji Kartograficznych,
_x0860-4495 ;
_vt. 20
504 _aBibliogr.
650 7 _aKartografia tematyczna
_2DBN
655 7 _aMateriały konferencyjne
_2DBN
658 _aGeografia i nauki o Ziemi
700 1 _aKałamucki, Krzysztof
_eRedakcja
700 1 _aMościbroda, Jerzy
_d(1943- )
_eRedakcja
710 2 _aKartpol
_4pbl
710 2 _aKomisja Kartograficzna (Polskie Towarzystwo Geograficzne)
710 2 _aWydział Biologii i Nauk o Ziemi (Uniwersytet Marii Curie-Skłodowskiej)
711 2 _aOgólnopolska Konferencja Kartograficzna
_n(25 ;
_d1998 ;
_cKazimierz Dolny)
830 0 _aMateriały Ogólnopolskich Konferencji Kartograficznych
_vt. 20
856 _uhttp://koha.tu.koszalin.pl/cgi-bin/koha/opac-detail.pl?biblionumber=34100
_yKatalog online BPK
942 _2UKD
_cKS
999 _c34100
_d34100